000 00800nam a2200241 i 4500
001 17441
003 ES-MaACL
005 20230906151602.0
007 t|
008 010306s2000 sp ||||1| spa d
020 _a84-95278-16-2
080 _a821.134.2-14"19"
100 1 _aLaffón, Rafael.
_969486
245 1 0 _aAntología /
_cRafael Laffón ; introducción y selección de Miguel Cruz Giráldez.
260 _aSevilla :
_bGuadalquivir :
_bFundación Aparejadores,
_c2000.
300 _a284 p. ;
_c21 cm.
490 1 _aAlarife
700 1 _aCruz Giráldez, Miguel.
_941827
710 2 _aFundación Cultural del Colegio Oficial de Aparejadores y Arquitectos Técnicos de Sevilla.
_94261
830 0 _aAlarife
_9228713
852 _aES-MaACL
_jL-24361
_bR.129580
999 _c17441
_d17441